[Event "Tata Steel-A 74th"]
[Site "Wijk aan Zee"]
[Date "2012.01.14"]
[Round "1"]
[White "Model game 1: Navara, David"]
[Black "Topalov, Veselin"]
[Result "1/2-1/2"]
[WhiteElo "2712"]
[BlackElo "2770"]
[Annotator "Marin,M/Kuljasevic,D"]
[PlyCount "62"]
[EventDate "2012.01.14"]
[EventType "tourn"]
[EventRounds "13"]
[EventCountry "NED"]
[EventCategory "21"]
[SourceTitle "CBM 147"]
[Source "ChessBase"]
[SourceDate "2012.03.16"]
[SourceVersion "1"]
[SourceVersionDate "2012.03.16"]
[SourceQuality "1"]

{[%evp 0,62,19,-12,-27,-51,-24,-38,-27,-24,-10,-31,12,-1,-8,-5,-5,-5,-3,-18,-7,
-20,-20,-11,-14,-1,0,1,-4,13,13,10,3,7,21,22,27,8,11,4,-2,-9,18,2,2,-13,-17,12,
59,-33,0,0,87,-73,-54,29,29,27,33,30,31,41,38,38,53]} 1. c4 e5 2. g3 Nf6 3. Bg2
d5 4. cxd5 Nxd5 5. Nc3 Nb6 6. Nf3 Nc6 7. O-O Be7 8. a3 O-O 9. b4 Be6 10. Rb1 f6
11. d3 {[%csl Rb7,Gc5,Rc7,Gg2][%cal Yc6d4,Yg7e5,Ya7a5] [#] We basically have a
reversed Dragon position on the board. White has the Dragon setup and an extra
tempo. This tempo was very useful for him in the opening as it virtually
prevented Black from expanding actively on the kingside with …f7-f5, …Bf6,
etc. Black, therefore, needed to adopt a more modest strategy and now we have
a rather positional, maneuvering fight ahead.  White’s plans are obviously
connected to the queenside where he usually tries to attack the backward b-
and c-pawns, sometimes by pushing b4-b5, a3-a4-a5; other times by maneuvering
one of the knights to the c5-outpost. The g2-bishop often plays an
instrumental role in this queenside attack so Black usually does well to
exchange it with …Qd7-Bh3 or sometimes via the d5-square.  Black’s obvious
strength is his strong control over the d4-square, which makes White’s
situation in the center slightly cramped. Black typically plays …Nc6-d4,
trying to provoke a positive structural transformation (…exd4 or e2-e3)
while also preparing to solve some of his queenside problems with …c7-c6.
Sometimes, Black precedes this knight jump with …a7-a5 (-a4), a sharp
queenside pawn-push that imbalances the pawn structure on that side of the
board. If White plays too passively, Black can easily mobilize his pieces in
the center and start a central or kingside attack. Overall, this is one of the
most complex strategic tabiyas in the English opening. Let’s examine the
practical material to try to understand it better.} Nd4 12. Nxd4 {This kind of
exchange is not too popular in the reversed Dragon English.} (12. Nd2 {is the
main line, as, for instance, Aronian,L (2739) -Topalov,V (2780)/ Morelia/
Linares 2008/CBM 123/ [Marin,M] (1-0, 65)}) 12... exd4 {[%csl Yd4]} 13. Ne4 {
[%csl Rd4][%cal Ge4c5] Strategically, White's position looks very pleasant,
but in the presence of queens Black has chances for a kingside attack.} Bd5 {
[%cal Gf6f5] [#] Black's highest priority is to neutralise the English bishop.}
({Not even attacking the rook in the hope of forcing it into a worse position
is allowed:} 13... Ba2 14. Nc5 $1 Bxb1 {In for a penny...} 15. Qb3+ {Black's
light squares are very weak now.} Kh8 (15... Rf7 16. Nxb7 Qe8 17. Na5 Bxd3 18.
exd3 Rd8 19. Nc6 Rd6 20. b5 Bf8 21. a4 $16 {Miezis,N (2516) -Agopov,M (2376)/
Oslo 2003/EXT 2004 (1-0, 28). White threatens a4-a5 followed by Bd5. Besides,
the a7-pawn is doomed.}) 16. Ne6 Qd7 17. Nxf8 Rxf8 18. Bxb7 $1 (18. Qxb1 c6 $14
) 18... Qa4 19. Qxb1 c6 20. Qa2 Bxb4 21. Qe6 Bxa3 22. Bxc6 Qb4 23. Be4 $16 {
Thorfinnsson,B (2412)-Motylev,A (2690)/ Rogaska Slatina 2011/CBM 145 (1/2, 48)}
) 14. Bb2 {[%csl Rd4]} ({White should seriously consider avoiding the bishops
trade with} 14. Bh3 $5 f5 15. Nc5 {[%csl Yg1,Gh3]}) (14. e3 $5 {is an
interesting attempt to annihilate Black's space advantage in the centre.} a5 {
A principled reaction.} (14... dxe3 {offers White chances to retain some
pressure:} 15. Bxe3 f5 16. Nc5 Bxg2 17. Kxg2 Qd5+ 18. Qf3) 15. bxa5 Rxa5 16.
exd4 f5 17. Qe1 Ra8 ({Since the rook will later have to defend the b7-pawn,} 
17... Ra7 $5 {deserves attention.}) 18. Nc5 Bxg2 19. Kxg2 Qd5+ 20. Kg1 Rfe8 (
20... Bxc5 21. dxc5 Qxc5 22. Qe6+ Rf7 23. Re1 $14 {Black has some problems of
coordination and the bishop is likely to become a monster along the long
diagonal.}) 21. Qe6+ Qxe6 22. Nxe6 Bd6 23. Nc5 Ra7 24. Rb5 $14 {White has
maintained his extra pawn (not a very impressive one for the time being, but
at least it inhibits ...Bxc5) and some pressure.} g6 25. Be3 $6 {Allowing a
simplifying operation.} (25. Kg2 $5 $14 {[%cal Gh2h4,Gc1b2]}) 25... Nd5 26.
Nxb7 Nxe3 27. Nxd6 cxd6 28. Re1 Rxa3 29. Rxe3 Rxe3 30. fxe3 Rxd3 31. Rd5 {
1/2 Hracek,Z (2628)-Karjakin,S (2763)/Porto Carras 2011/CBM 146}) 14... f5 15.
Nd2 Bxg2 ({In principle, Black should not let his queen be decoyed to d5,
since it will become vulnerable either to the exchange with Qb3 or to rook
attacks with Rc1-c5.} 15... Bf6 16. Bxd5+ Qxd5 17. Rc1 Rf7 18. Rc5 $36 {
Timman,J (2630) -Bareev,E (2680)/Tilburg 1991/CBM 026/[Ribli] (1-0, 39)}) 16.
Kxg2 Kh8 {[%csl Yd8,Rg2,Yh8][%cal Yd8d5,Yf5f4]} (16... Qd5+ 17. Kg1 {is likely
to transpose above.}) 17. Nf3 {[%csl Rd4]} Bf6 18. Qc2 $146 {[%csl Rc7,Rd4]
[%cal Gc2c5] Navara hopes to improve over a previous game of his.} ({In the
following old game, Black misplayed his attack badly:} 18. Rc1 Qd7 19. Qb3 Rae8
20. Rc2 f4 (20... g5 $5 {Azmaiparashvili}) 21. b5 fxg3 $6 (21... Nd5 $5 {
Azmaiparashvili}) (21... g5 $5) 22. hxg3 $1 {[%csl Gh8][%cal Gf1h1]} Nd5 23.
Rh1 $14 c6 24. bxc6 bxc6 25. Bxd4 Qf7 $6 (25... Nf4+ $5 {Azmaiparashvili}) 26.
Qc4 Re6 27. Bxf6 Qxf6 28. Qh4 $18 {Azmaiparashvili,Z (2575)-Chandler,M (2585)/
London 1989/TD (1-0, 41)}) ({Navara's previous game went:} 18. a4 {Slightly
premature judging from Black's answer.} a5 19. b5 Re8 20. Re1 c5 21. bxc6 bxc6
22. e3 dxe3 23. Bxf6 gxf6 24. fxe3 {Black's kingside structure has been
spoiled, but White's central pawns are vulnerable, too.} Nd5 25. Qd2 Nb4 26.
Rbd1 Ra7 27. Nh4 Qd5+ 28. e4 fxe4 29. dxe4 Rxe4 30. Qxd5 cxd5 31. Rxe4 dxe4 32.
Rd4 Rc7 (32... Re7 $2 33. Rd8+ Kg7 34. Nf5+) 33. Nf5 Rc2+ 34. Kh3 h5 35. Rxe4
Nd3 $11 {Navara,D (2646)-Karjakin,S (2727)/Sochi 2008/CBM 126 (1/2, 44). As we
will see, the game move aims to play a3-a4 at a more favourable moment, when ..
.a5 is not available anymore.}) 18... Qd7 {[#] A logical developing move.
Black has a comfortable position with prospects of the kingside attack.} ({
It does not make too much sense to play for keeping ...a5 for an option, since
this may cause Black lose his coordination:} 18... Re8 19. Rfc1 c6 20. Ba1 $1 (
20. a4 a5) 20... g5 (20... Qd7 21. a4 g5 22. e3 $1 {[%csl Gf6] ץf6}) 21. Re1
$5 (21. Qc5 g4 22. Nxd4 Na4 23. Qc4 {and now Black can choose between 23...
Nb6= with perpetual attack against the queen and} b5 $5 24. Nxc6 bxc4 25. Nxd8
c3 $44) 21... g4 22. Nd2 {This offers White some chances for an advantage
since the f6-bishop is hanging after the rook has departed from f8.}) 19. Rfc1
c6 20. a4 {Finally, a good moment to play this, but Black can start his
kingside attack already.} f4 $1 $36 {[%csl Rg2] As the subsequent course of
the game proves, White's innovation has failed to improve over the already
known games.} (20... a5 $6 21. bxa5 Rxa5 $2 22. Ba3 $18) 21. b5 cxb5 22. axb5
Nd5 $1 {[%csl Gd5,Rg2] Playing for an outright attack.} (22... Rac8 $5 23. Qb3
Nd5 {is also possible, but the text may be stronger. In certain lines, the
rook belongs on d8, defending the knight.}) 23. Nxd4 Rae8 {[%csl Rg2]} ({
The more active} 23... Qg4 $5 {[%csl Rg2][%cal Yd5f4,Yd5e3] offers better
chances for an advantage.} 24. Qb3 (24. Nf3 fxg3 25. hxg3 Nf4+ 26. Kg1 Rae8 $40
) 24... Rad8 25. Nf3 Bxb2 (25... fxg3 26. Rc4 Nf4+ 27. Rxf4 Qxf4 28. hxg3 $44 {
Black is less acdtive here than in the end of the main line.}) 26. Qxb2 fxg3
27. Rc4 (27. hxg3 Nf4+ 28. Kg1 Rd5 $40 {/\...Rh5}) (27. fxg3 Nf4+ 28. Kg1 Nxd3
$15) 27... Nf4+ 28. Rxf4 Rxf4 29. hxg3 Rdf8 $15 {In principle, White has
compensation for the exchange, because of his compact kingside structure.
However, the telling factor remains Black's pressure.}) 24. Nf3 Bxb2 25. Qxb2
Qe6 (25... fxg3 26. hxg3 Qg4 $44) 26. Qd4 (26. Rc2 fxg3 27. hxg3 Qg6) 26...
fxg3 27. hxg3 Qxe2 28. Qxd5 Re3 $1 29. Re1 Qxf3+ 30. Qxf3 Rexf3 31. Rb2 Rxd3 (
31... Rxd3 32. Re7 $11) 1/2-1/2

[Event "Norway Chess 1st"]
[Site "Stavanger"]
[Date "2013.05.10"]
[Round "3"]
[White "Model game 2: Svidler, Peter"]
[Black "Aronian, Levon"]
[Result "1/2-1/2"]
[WhiteElo "2769"]
[BlackElo "2813"]
[Annotator "Marin,M/Kuljasevic,D"]
[PlyCount "61"]
[EventDate "2013.05.08"]
[EventType "tourn"]
[EventRounds "9"]
[EventCountry "NOR"]
[EventCategory "21"]
[SourceTitle "CBM 155"]
[Source "ChessBase"]
[SourceDate "2013.07.16"]
[SourceVersion "1"]
[SourceVersionDate "2013.07.16"]
[SourceQuality "1"]

{[%evp 0,61,30,-27,-14,-12,-11,-11,-18,-43,-32,-34,-34,-23,-3,-3,-3,-7,-7,-10,
-10,-17,-16,-16,-1,-10,-3,-13,2,-14,7,12,0,2,9,-5,-5,-4,4,4,25,12,27,14,10,16,
67,65,87,107,48,63,29,27,5,1,25,1,54,38,51,50,59,46]} 1. c4 Nf6 2. Nc3 e5 3.
Nf3 Nc6 4. g3 d5 5. cxd5 Nxd5 6. Bg2 Nb6 7. O-O Be7 8. a3 O-O 9. b4 Be6 10. Rb1
f6 11. d3 Nd4 12. Nd2 {[%csl Rb7,Gg2][%cal Ge2e3] With this move, White opens
the English bishop, hitting the b7-pawn and preparing to expel the knight from
d4 with e2-e3.} c6 13. Nde4 {[#]} ({It is important to keep in mind that the
immediate} 13. e3 {would be strongly met by} Nb5 $1 14. Nxb5 cxb5 $11 {[%csl
Rd3][%cal Gb6a4]}) 13... Bf7 {[%csl Yc5][%cal Yd4e6] An interesting
psychological detail. With White, Aronian had faced the other two popular
continuations, but with Black he chooses the third one.  Importantly, with
this move, he vacates e6-square for his knight so that he can challenge
White's Nc5.} (13... Nd5 {Aronian,L (2739)-Topalov,V (2780)/Morelia/Linares
2008/CBM 123/  [Marin,M] (1-0, 65)}) (13... Rf7 14. Bd2 Nd5 15. e3 Nxc3 16.
Nxc3 Nf5 17. Qc2 Bf8 18. Rfd1 a5 $6 {In this position, the thematic queenside
break only helps White to open the b-file for his attack.} (18... Nd6 {would
leave White with the problem of how to continue his slow attack. For instance,
the immediate activation of the knight does not look too promising:} 19. Na4
Nb5 20. Ra1 Bg4 {[%cal Gg4f5]}) 19. Na4 axb4 20. Bxb4 $1 {Suddenly, White has
a strong initiative.} Kh8 21. Bxf8 Qxf8 22. Nc5 Bc8 23. a4 Nd6 24. Rb4 Bf5 25.
Qb2 $16 {Aronian,L (2739) -Karjakin,S (2732)/Nice (rapid) 2008/CBM 123 Extra 
(1-0, 51)}) 14. Nc5 {[%csl Rb7]} Rb8 {This looks a bit passive to me.} ({
Shortly after publishing the first volume of my 1.c4 trilogy, I got caught in
my opponent's preparation. That game went} 14... Qc7 {, which is more natural,
because it connects the rooks and prepares their centralisation.} 15. e3 ({
Aronian eventually won a game with} 15. Be3 {, but his position did not look
enviable at all:} a5 16. Qd2 axb4 17. axb4 Nd7 18. N5e4 f5 19. Bg5 Qd8 20. Bxe7
Qxe7 21. Ng5 Ra3 $17 {Aronian,L (2808) -Gelfand,B (2733)/Monte Carlo 
(blindfold) 2011/ CBM 142 (1-0, 29)}) 15... Ne6 16. N3e4 Nxc5 17. Nxc5 Rfd8 18.
Bh3 $5 {This looks like an improvement over my game.} ({After} 18. Qc2 a5 {
I felt proud of my} 19. e4 {, followed by} axb4 20. axb4 Nd7 21. Be3 Ra2 22.
Qc3 {If allowed to play Bh3 and force an exchange on c5 or else a knight
retreat, I would get a great position, but after half an hour of thinking my
opponent came up with} b5 $3 $15 {Marin,M (2597)-De la Villa Garcia,J (2496)/
Benasque 2010/CBM 137 Extra (0-1, 52), , when the mutual pawn weaknesses tend
to compensate for each other, but both black bishops are active, while mine
from g2 is less so.}) 18... Bxc5 ({If} 18... Kh8 {I could transpose to the
known plan, having discarded ... Nb6-d7 followed by . ..b5.} 19. Qc2 a5 20. e4
$14 {[%csl Gb6][%cal Gc1e3]}) 19. bxc5 Nd7 20. Qc2 b6 21. cxb6 axb6 {The
position is not easy to asses, but there are players who would treasure the
potential force of the two bishops. I would be one of them!}) 15. e3 $146 {
A logical novelty.} ({It is probably too early for} 15. Bh3 Bxc5 16. bxc5 Nd5
17. Bd2 Bh5 18. f3 f5 $36 {Winants,L (2500)-Vyzmanavin,A (2590)/ Ostende 1991/
CBM 026 ext (0-1, 44)}) 15... Ne6 16. d4 $5 {[%csl Yc5] But I find that only
this move brings in some, if not new, at least fresh concept. White takes
advantage of the hidden defects of ...Rb8 to speed up his development and take
over the initiative.} (16. N3e4 Nxc5 17. Nxc5 Nd5 18. Qc2 $13) 16... exd4 {
The most natural reaction. Even if grabbing the central pawn is risky, Black
can try to block it.} ({The mechanical occupation of the c4-square weakens the
control over the d5-square.} 16... Nc4 17. Nxe6 Bxe6 18. d5 cxd5 19. Bxd5 Qc8
20. e4 b5 21. Qe2 {Both players have a strong outpost, but White can think of
starting a pawn attack with f2-f4 at the right moment. I would prefer his
chances.}) 17. exd4 {[%cal Yf1e1,Yc1f4] [#]} Re8 (17... Nxd4 $2 18. Bf4 $16 {
[%csl Rb7]} Rc8 19. Nxb7 Qd7 20. Nc5 Qd8 21. Bh3 $5 {should be avoided.}) (
17... Qxd4 {may be playable, though.} 18. Qxd4 Nxd4 19. Bf4 Rbd8 20. Nxb7 Rd7 {
Black's activity may compensate for the pawn weaknesses.}) 18. Re1 Bd6 {
[%csl Yd6][%cal Rc1f4] Of course, Black is not interested in strengthening
White's structure with an exchange on c5.} 19. a4 $36 {[%csl Rb7,Rc6][%cal
Ga4a5,Ga5a6,Gb4b5] A natural move in the English Opening. Usually, it is a
sign that White prepares b4-b5, but here Black has to count with a4-a5, too.}
Nc7 $1 {[%csl Ya6,Yb5,Yd5][%cal Gc7a6,Gc7b5,Gc7d5] The most consistent defence,
strengthening the control over the crucial d5-square.} (19... Qc7 20. a5 Nc4
21. N5e4 $36 {[%cal Gd4d5]}) (19... Bc7 20. d5 $1 Nxc5 21. Rxe8+ Qxe8 22. bxc5
Nc4 23. d6) 20. Rxe8+ {Aiming to distract one of the three pieces defending
the rook from their optimal squares.} ({If} 20. b5 Nbd5 21. Nxd5 Bxd5 22. bxc6
bxc6 {White's advantage is purely symbolical.}) 20... Bxe8 $6 (20... Qxe8 {
looks more constructive from the point of view of development, as can be seen
in the line} 21. b5 $6 Bxc5 22. dxc5 Rd8 $36) 21. b5 $36 Bg6 (21... Bxc5 22.
dxc5 Qxd1+ 23. Nxd1 Nbd5 24. Bd2 $14) 22. N5e4 {This retains some vanishing
initiative, but White had an even stronger continuation.} (22. Qb3+ $1 {
No matter how he reacts, Black will lose at least one tempo. One of the hidden
problems is that ...Nbd5 would run into bxc6, leaving the b7-pawn pinned.} Bf7
(22... Kh8 23. N3e4 {[%cal Ga4a5]} Nbd5 $6 24. bxc6 Bxc5 25. Nxc5 Bxb1 26. Nd7
$1 $16) 23. Qc2 {[%csl Gh7][%cal Gg2e4]} Bg6 24. Be4 Bxe4 25. N3xe4 $36) 22...
Bf8 23. Bf4 Rc8 24. bxc6 bxc6 25. Bh3 $14 {[%csl Rc6,Rd4,Ye4,Yf4,Yh3]} Ra8 26.
Bxc7 Qxc7 27. Qb3+ Bf7 28. Be6 Re8 29. Bxf7+ Qxf7 30. Qxf7+ Kxf7 31. a5 (31. a5
Nd5 32. Nxd5 Rxe4 33. Rb7+ Ke6 34. Nf4+ Kf5 35. Rxa7 Rxd4 $11) 1/2-1/2